000 01744nam0a2200385 4500
001 RU\NLR\bibl\300797
005 20260607045700.0
010 _a5-85859-128-0
_9120
021 _aRU
_b2002-20310
_91022
035 _a(NLR Aleph) 000296019
090 _a1733795
_c1733795
100 _a20020828d2001 |||y0rusy50 ca
101 0 _arus
102 _aRU
105 _ay |||||||||
200 1 _aНаучный потенциал XXI века
_eМатериалы науч. конф. молодых исследователей пробл. педагогики и школы
_f[Редкол.: Рындак В.Г. (отв. ред.) и др.]
210 _aОренбург
_cИзд-во ОГПУ
_d2001
215 _a143 с.
_d21
300 _aВ надзаг.: М-во образования Рос. Федерации, Оренбург. гос. пед. ун-т
606 0 _aПедагогика
_jСборники
_9921924
_3RU\NLR\auth\6619222
606 0 _aПедагогика
_jСъезды, совещания и т.п.
_9921924
_3RU\NLR\auth\6619222
610 0 _aПедагогика
675 _a37.01(082)
_v3
_zrus
686 _a14
_2rugasnti
686 _a74.00
_2rubbk
686 _aЧ30я431
702 1 _4340
_7ca
_8rus
_aРындак
_bВ. Г.
_cд-р пед. наук
_gВалентина Григорьевна
_98610
_3RU\NLR\auth\7725563
711 1 2 _aНаучная конференция молодых исследователей проблем педагогики и школы
_eОренбург
_f2001
_9578725
_3RU\NLR\AUTH\8810039846
801 0 _aRU
_bRKP
_c20020828
_gPSBO
801 1 _aRU
_bRKP
_c20020828
801 2 _aRU
_bNLR
_c20050518
_grcr
942 _cBOOK
980 _aNB
980 _aNBR